000 00546nam a2200193Ia 4500
005 20250508160738.0
008 008 250505s9999 xx 000 0 eng d
020 _a0-03-084243-3
037 _aTextual
040 _aFEDL
_beng
_cFEDL
041 _aeng
_2eng
084 _a375, ALE
_qFEDL
100 _aAlexander William M
245 0 _aChanging high school curriculum : Readings
260 _aNew York, USA
_bHolt, Rinehart and Winston
_c1967
300 _axii,532p
942 _cTEXL
_h375, ALE
999 _c1366371
_d1366371